Movies Quiz

Random Movies or Actor Quiz

Jeremy Renner Movies Quiz Stats

 Plays Quiz Updated Jan 1, 2019

Challenge
Share
Tweet
Embed
Score 0/32 Timer 07:00
0 Plays Today
Year Movie Name % Correct
2015Avengers: Age of Ultron
92.2%
2012The Avengers
91.4%
2016Captain America: Civil War
85.7%
2008The Hurt Locker
79.4%
2013Hansel And Gretel: Witch Hunters
70.5%
2012The Bourne Legacy
65.6%
2013American Hustle
55.8%
2010The Town
51.9%
2015Mission: Impossible - Rogue Nation
49.9%
2011Mission: Impossible - Ghost Protocol
46%
2018Tag
45.7%
2016Arrival
41.4%
2017Wind River
36%
2003S.W.A.T.
34.9%
2002Dahmer
24.3%
2014Kill the Messenger
21.2%
Year Movie Name % Correct
200728 Weeks Later
18.7%
2013The Immigrant
18.7%
2007The Assassination of Jesse James by the Coward Robert Ford
16.3%
2005Neo Ned
14%
2005North Country
13.6%
1995Senior Trip
12.8%
2007Take
11%
200512 And Holding
10.9%
2009Lightbulb
9.3%
2006Love Comes To The Executioner
9.3%
2002Monkey Love
9.1%
2001Fish In A Barrel
8.9%
2017The House
8.6%
2005A Little Trip To Heaven
7.6%
2004The Heart Is Deceitful Above All Things
7.6%
1996Paper Dragons
7.5%

You're not logged in!

Compare scores with friends on all Sporcle quizzes.
OR
Log In

You Might Also Like...

Show Comments

Extras

Top Quizzes Today


Score Distribution

Your Account Isn't Verified!

In order to create a playlist on Sporcle, you need to verify the email address you used during registration. Go to your Sporcle Settings to finish the process.

Report this User

Report this user for behavior that violates our Community Guidelines.

Details: